Socialismo o fascismo (Registro nro. 4934)

Detalles MARC
000 -LEADER
fixed length control field 01589 a2200205 4500
001 - CONTROL NUMBER
control field 50016
005 - DATE AND TIME OF LATEST TRANSACTION
control field 20260407155800.0
008 - FIXED-LENGTH DATA ELEMENTS--GENERAL INFORMATION
fixed length control field 260407a1973 arg spa d
003 - CONTROL NUMBER IDENTIFIER
control field AR-UNSa-BCEJYS
040 ## - CATALOGING SOURCE
Original cataloging agency AR-UNSa-BCEJYS
Language of cataloging spa
Transcribing agency AR-UNSa-BCEJYS
080 ## - UNIVERSAL DECIMAL CLASSIFICATION NUMBER
Universal Decimal Classification number 338.1(8)
Common auxiliary subdivision Situación económica. Ciclos. Desarrollo de la estructura económica en América del sur. Estados y regiones de América del sur. América latina. Iberoamérica
041 ## - LANGUAGE CODE
Language code of text/sound track or separate title spa
100 1# - MAIN ENTRY--PERSONAL NAME
Personal name Santos, Theotonio Dos
245 10 - TITLE STATEMENT
Title Socialismo o fascismo
Name of part/section of a work el nuevo caràcter de la dependencia y el dilema latinoamericano
264 #1 - PRODUCTION, PUBLICATION, DISTRIBUTION, MANUFACTURE, AND COPYRIGHT NOTICE
Place of production, publication, distribution, manufacture Buenos Aires :
Name of producer, publisher, distributor, manufacturer Ediciones Periferia
Date of production, publication, distribution, manufacture, or copyright notice 1973
300 ## - PHYSICAL DESCRIPTION
Extent 342 p.
Dimensions 21 cm.
505 ## - FORMATTED CONTENTS NOTE
Formatted contents note PRIMERA PARTE: La nueva dependencia y la crisis latinoamericana: 1. El nuevo carácter de la dependencia - 2. La crisis latinoamericana - 3. El caso brasileño como modelo - SEGUNDA PARTE: Gran empresa y capital extranjero: 1. El predominio de la gran empresa - 2. La dominación del capital foráneo - TERCERA PARTE: La crisis económica: 1. La crisis del subdesarrollo: El imperialismo y el mercado externo - 2. La crisis del subdesarrollo: El latifundio y el mercado interno - 3. La reforma agraria - 4. La recuperación y la gran crisis - CUARTA PARTE: Capital extranjero y estructura del poder: 1. Capital extranjero y estructura del poder - 2. De la conciliación al radicalismo - QUINTA PARTE: La crisis política: 1. Visión de conjunto - 2. El bonapartismo - 3. El bonapartismo de derecha - 4. El fascismo - 5. El socialismo.
590 ## - LOCAL NOTE (RLIN)
Local note niveau_biblio:m niveau_hierar:0
942 ## - ADDED ENTRY ELEMENTS (KOHA)
Koha item type
Existencias
Withdrawn status Lost status Damaged status Not for loan Home library Current library Shelving location Date acquired Total checkouts Full call number Barcode Date last seen Price effective from Koha item type
        Biblioteca Prof. Eusebio Cleto del Rey Biblioteca Prof. Eusebio Cleto del Rey   07/04/2026   338.1(8) D722 L26091 07/04/2026 07/04/2026 Libro
        Biblioteca Prof. Eusebio Cleto del Rey Biblioteca Prof. Eusebio Cleto del Rey   07/04/2026   338.1(8) D722 L26092 07/04/2026 07/04/2026 Libro